| 000 | 02468cam a22005894i 4500 | ||
|---|---|---|---|
| 003 | PE-LiUPU | ||
| 005 | 20250731170435.0 | ||
| 008 | 150625s1982 ilu r 000 0 eng d | ||
| 035 | _a(Sirsi) a30822 | ||
| 040 |
_aPE-LiUPU _bspa _cPE-LiUPU _dPE-LiUPU _erda |
||
| 049 | _aPRUA | ||
| 082 | 0 | 4 |
_a155.2 _bT14 _221 |
| 100 | 1 |
_aTageson, William, _eautor. |
|
| 245 | 1 | 0 |
_aHumanistic psychology : _ba synthesis / _cC. William Tageson. |
| 264 | 1 |
_aIllinois : _bThe dorsey press, _c1982. |
|
| 300 |
_a286 páginas ; _c24 centímetros |
||
| 336 |
_atext _2rdacontent |
||
| 337 |
_aunmediated _2rdamedia |
||
| 338 |
_avolume _2rdacarrier |
||
| 505 | 0 | _aFour trends in contemporary psichology -- Prologue: The levels of conscious experience -- The major themes of humanistic psichology -- Phenomenology and the science of person -- Holism versus reductionism -- The actualizing tendency self-determination -- The ideal of authenticity -- Self-trascendence -- Person-Centeredness: In research and therapy -- Eco Psycology: impact on social systems -- Epilogue: critique and future direcctions. | |
| 526 | _aSEG68 | ||
| 526 | _aSEG70 | ||
| 526 | _aSEG69 | ||
| 526 | _aSEG67 | ||
| 526 | _aSEG43 | ||
| 526 | _aP144 | ||
| 526 | _aP143 | ||
| 526 | _aP131 | ||
| 526 | _aP122 | ||
| 526 | _aP120 | ||
| 526 | _aP117 | ||
| 526 | _aP112 | ||
| 526 | _aP110 | ||
| 526 | _aP106 | ||
| 526 | _aP101 | ||
| 526 | _aP80 | ||
| 526 | _aP59 | ||
| 526 | _aP54 | ||
| 526 | _aP35 | ||
| 526 | _aP33 | ||
| 526 | _aP30 | ||
| 650 | 0 | 4 | _aPsicología humanista. |
| 942 |
_2ddc _cBOOK |
||
| 949 |
_a155.2 T14 _wDEWEY _c1 _i30288 _lCCODEBUL1 _mBUL _p00.00 _r0 _sY _tBOOK _u2015-06-25 _xBIBLIOTECA _zUNKNOWN _0COMPRA _o.STAFF. Colección Ciencias de la Salud |
||
| 949 |
_a155.2 T14 _wDEWEY _c2 _i30287 _lCCODEBUL1 _mBUL _p00.00 _r0 _sY _tBOOK _u2015-06-25 _xBIBLIOTECA _zUNKNOWN _0COMPRA _o.STAFF. Colección Ciencias de la Salud |
||
| 994 |
_aC0 _bPEPRU |
||
| 596 | _a1 | ||
| 999 |
_a155.2 T14 _wDEWEY _c38308 _i30288 _d38308 _e2018-10-16 _f2021-11-3 _g5 _lCCODEBUL1 _mBUL _n7 _p25.00 _q1 _r0 _sY _tBOOK _u2015-6-25 _xSALUD _zUNKNOWN _0COMPRA _o.STAFF. Colección Ciencias de la Salud |
||
| 999 |
_a155.2 T14 _wDEWEY _c2 _i30287 _d2018-6-28 _e2018-6-20 _f2021-11-3 _g5 _lCCODEBUL1 _mBUL _n5 _p25.00 _q3 _r0 _sY _tBOOK _u2015-6-25 _xSALUD _zUNKNOWN _0COMPRA _o.STAFF. Colección Ciencias de la Salud |
||
| 980 |
_81 _gALBERTO SANCHEZ Responsable de Automatización |
||